1321 1350 1151 1634 1932 1914 1151 1357 1825 1041 1738 1296 1154 1765 1278 1185 1235 1857 1172 1364 1996 1307 1760 1833 1474 1900 1969 1684 1250 1096 1535 1128 1819 1156 1476 1095 1799 1619 1067 1142 1326 1753 1238 1417 1886 1018 1797 1191 1131 1607 1868 1078 1105 1224 1149 1715 1409 1770 1906 1137 1701 1212 1301 1112 1750 1039 1422 1283 1816 1701 1875 1440 1884 1933 1397 1581 1225 1595 1196 1960 1427 1564 1117 1376 1355 1899 1492 1515 1549 1165 1517 1042 1539 1270 1345 1681 1228 1621 1092 BCNSPRNW ULIB Ver.6.0+V

เปลี่ยนเป็นภาษาไทย

Change to English
 แสดงรายละเอียดบรรณานุกรม
  กลับหน้าหลัก

Brief Record : Get Marc (ISO 2709) : E-mail record : QR code < ปิดหน้าต่าง
LEADER : 00000nam 2200000uu 4500
001    13399112536
003     ULIB
008    110823s2547||||th 000 0 tha d
020    9744653663
060  4 QV89^bท713ก 2547
245 00 คู่มือการปรึกษาในสถานการณ์ยาเสพติด /^cกรมสุขภาพจิตกระทรวงสาธารณสุข ; บรรณาธิการ, เทอดศักดิ์ เดชคง
260    กรุงเทพฯ :^bกรมสุขภาพจิต,^c2547
300    105 หน้า ;^c30 ซม.
650  7 ยาเสพติด^xแง่จิตวิทยา
650  7 การให้คำปรึกษา^xแง่จิตวิทยา
700 0  เทอดศักดิ์ เดชคง
945    ^p0^l0^i13588
945    ^p0^l0^i13590
945    ^p0^l0^i13591
945    ^p0^l0^i13589
995    กัณชพร
999    ^aใช้งานได้ทุกระบบ
รายการนี้ยังไม่มีแท็ก
คุณยังไม่ได้ล็อกอิน คุณสามารถมีกิจกรรมร่วมกับเว็บไซต์ได้ แต่ต้องล็อกอินก่อน ::
  ล็อกอิน

รายการสื่อสารสนเทศ

ลำดับที่ ประเภท เลขเรียก/บาร์โค้ด สถานที่ สถานะ
1. วิทยาศาสตร์การแพทย์ และสุขภาพ
วิทยาศาสตร์การแพทย์ และสุขภาพ
QV89 ท713ก 2547 ฉ.4 
  Barcode: 13589
ห้องสมุดวิทยาเขตสวรรค์ประชารักษ์
►หนังสือทั่วไป
ถูกยืม กำหนดส่งวันที่ 15 พฤษภาคม 2558
  จอง

BibComment


ยังไม่เคยถูกคอมเมนท์

คอมเมนท์ทรัพยากรรายการนี้
  คอมเมนท์: คู่มือการปรึกษาใน..


 Copyright 2026. Bcnsprnw @Library